000 01047nac a22003377a 4500
001 BR2011007433
003 BR-BrBNA
005 20240105123929.0
008 230509b bl.|||m| |||| 00| 0 por d
040 _aBR-BrBNA
_bpor
_cBiblioteca Nacional de Agricultura
072 _aH20; F30
090 _a4120 BR2011007433
100 1 _aNascimento, W.M.O. do
100 1 _aMüller, C.H.
100 1 _aCarvalho, J.E.U. de
100 1 _aMartins, L. de L.
100 1 _aLemos, O.F.
110 1 _aEMBRAPA Amazônia Oriental, Belém, PA (Brasil)
245 1 _aAvaliação de cultivares de bananeira em resistência à sigatoka-negra em Belém, PA
260 3 _aBelém, PA (Brasil):
_c2009.
300 _a8 p.
490 _aComunicado Técnico - EMBRAPA Amazônia Oriental (Brazil)
_vno. 218
_xISSN 1517-2255
500 _a9 ref.
650 _aBANANA
650 _aVARIEDADE
650 _aDOENÇA DE PLANTA
650 _aSIGATOKA NEGRA
650 _aFUNGO
909 _a202312
_bLúcia Elande
_c55
_dLúcia Elande
942 _2AGRIS
_n0
_cMS
999 _c297603
_d297603